| 000 | 00404nam a22001457a 4500 | ||
|---|---|---|---|
| 999 |
_c2461 _d2461 |
||
| 008 | 200304b ||||| |||| 00| 0 eng d | ||
| 020 | _a070268088 | ||
| 082 | 0 | 0 |
_a620.23 _bH3131 |
| 245 | 1 | 0 |
_aHandbook of noise control / _cedited by Cyril M. Harris |
| 260 |
_aNew York _bMcGraw-Hill _c1957 |
||
| 300 | _aix, 40-12 p. | ||
| 650 | 0 | _aNoise Control | |
| 700 |
_92053 _aHarrris, Cyril M. _eeditor |
||
| 942 | _cBK | ||